000 00397nam a2200145 i 4500
001 114545
003 ES-MaACL
005 20230906190202.0
007 t|
008 070308s1908 fr ||||1| spa d
100 1 _aQuijano Wallis, José María.
_994620
245 1 0 _aHomenaje a España /
_cQuijano Wallis.
260 _aParis :
_bR. Roger y F. Chemoviz,
_c1908.
852 _aES-MaACL
_jT-1152-F-7
999 _c114545
_d114545